000 00605nam a2200217Ia 4500
003 OSt
005 20221007080036.0
006 a|||||r|||| 00| 0
007 ta
008 221006b |||||||| |||| 00| 0 eng d
024 _a999
037 _cTextual
040 _aFLL
_cFLL
_beng
041 _2eng
_aeng
082 _aX:981.2.N7y7, L1
100 _aDhingra O.P.
_9694537
245 0 _aCases in Industrial Relations
260 _aNew Delhi
_bShri Ram Centre For Industrial Relations India
_c1971
942 _hX:981.2.N7y7, L1
_cTEXL
_2CC
999 _c1158187
_d1158187